[Event "Avoine op 29th"]
[Site "Avoine"]
[Date "2014.07.24"]
[Round "6"]
[White "Mattheys, Eddy"]
[Black "Smith, Matthieu"]
[Result "0-1"]
[WhiteElo "1890"]
[BlackElo "2159"]
[PlyCount "64"]
[EventDate "2014.07.19"]
[EventType "swiss"]
[EventRounds "9"]
[EventCountry "FRA"]
[SourceTitle "CBM 161 Extra"]
[Source "ChessBase"]
[SourceDate "2014.08.29"]
[SourceVersion "1"]
[SourceVersionDate "2014.08.29"]
[SourceQuality "1"]

1. d4 Nf6 2. c4 e6 3. Nf3 b6 4. g3 Bb7 5. Bg2 Be7 6. 0-0 0-0 7. Nc3 Ne4 8. Nxe4 Bxe4 9. Ne5 Bxg2 10. Kxg2 d6 11. Nf3 d5 12. Qc2 c5 13. cxd5 Qxd5 14. Rd1 Na6 15. Qa4 Qb7 16. Qb3 Rac8 17. a3 c4 18. Qc2 Rfd8 19. Kg1 h6 20. Bd2 b5 21. Bc3 Nb8 22. e4 Nd7 23. Qe2 Nf6 24. Re1 Re8 25. Rad1 Ra8 26. Ne5 a5 27. f4 Red8 28. Qe3 b4 29. axb4 axb4 30. Bd2 Rac8 31. Kg2 Qb6 32. Rc1 Qxd4 0-1

[Event "Avoine op 27th"]
[Site "Avoine"]
[Date "2012.07.22"]
[Round "2"]
[White "Mattheys, Eddy"]
[Black "Mostertman, Milan"]
[Result "0-1"]
[WhiteElo "1940"]
[BlackElo "2248"]
[PlyCount "48"]
[EventDate "2012.07.21"]
[EventType "swiss"]
[EventRounds "9"]
[EventCountry "FRA"]
[SourceTitle "CBM 149 Extra"]
[Source "ChessBase"]
[SourceDate "2012.08.24"]
[SourceVersion "1"]
[SourceVersionDate "2012.08.24"]
[SourceQuality "1"]

1. d4 Nf6 2. c4 e5 3. dxe5 Ng4 4. Bf4 g5 5. Bg3 Nc6 6. Nf3 Bg7 7. e4 Ngxe5 8. Nxe5 Nxe5 9. Nc3 d6 10. Rc1 h5 11. h3 h4 12. Bh2 Be6 13. b3 Qd7 14. Be2 0-0-0 15. Nd5 c6 16. Ne3 f5 17. Nxf5 Bxf5 18. exf5 Qxf5 19. Bxe5 Qxe5 20. 0-0 Kb8 21. Re1 Qf4 22. Qd3 Be5 23. g3 hxg3 24. fxg3 Bd4+ 0-1

[Event "Avoine op 25th"]
[Site "Avoine"]
[Date "2010.07.19"]
[Round "3"]
[White "Pallandre, Fabrice"]
[Black "Mattheys, Eddy"]
[Result "1/2-1/2"]
[WhiteElo "2103"]
[BlackElo "1937"]
[PlyCount "46"]
[EventDate "2010.07.17"]
[EventType "swiss"]
[EventRounds "9"]
[EventCountry "FRA"]
[SourceTitle "EXT 2011"]
[Source "ChessBase"]
[SourceDate "2010.11.26"]
[SourceVersion "1"]
[SourceVersionDate "2010.11.26"]
[SourceQuality "1"]

1. e4 e6 2. d4 d5 3. Nd2 dxe4 4. Nxe4 Nd7 5. Nf3 Ngf6 6. Bg5 Be7 7. Nxf6+ Nxf6 8. Bd3 h6 9. Bh4 0-0 10. 0-0 c5 11. c3 Bd7 12. Ne5 cxd4 13. cxd4 Rc8 14. Qe2 Bc6 15. Rad1 a6 16. Kh1 Qb6 17. Rfe1 Rcd8 18. Ng6 fxg6 19. Qxe6+ Kh8 20. Qxe7 Qxd4 21. Bxf6 Qxf6 22. Qxf6 Rxf6 23. f3 Rfd6 1/2-1/2

[Event "Avoine op 24th"]
[Site "Avoine"]
[Date "2009.07.22"]
[Round "5"]
[White "Mattheys, Eddy"]
[Black "Antoine, Jean Luc"]
[Result "1/2-1/2"]
[WhiteElo "1899"]
[BlackElo "2030"]
[PlyCount "83"]
[EventDate "2009.07.18"]
[EventType "swiss"]
[EventRounds "9"]
[EventCountry "FRA"]
[SourceTitle "CBM 131 Extra"]
[Source "ChessBase"]
[SourceDate "2009.09.03"]
[SourceVersion "2"]
[SourceVersionDate "2009.09.16"]
[SourceQuality "1"]

1. d4 Nf6 2. c4 e6 3. Nc3 Bb4 4. Qc2 b6 5. Bg5 Bb7 6. Nf3 h6 7. Bd2 0-0 8. e3 Bxc3 9. Bxc3 Ne4 10. Be2 f5 11. 0-0 d6 12. Rad1 Nd7 13. Nd2 Nxc3 14. Qxc3 Nf6 15. Bf3 Bxf3 16. Nxf3 Ne4 17. Qc2 Qe8 18. Nd2 Nf6 19. e4 Nd7 20. b4 a5 21. b5 Qg6 22. f4 fxe4 23. Qxe4 Qxe4 24. Nxe4 Rf5 25. a4 Raf8 26. g3 Nf6 27. Nxf6+ R8xf6 28. Rde1 Kf7 29. h4 g5 30. fxg5 hxg5 31. Rxf5 Rxf5 32. Rf1 Kg6 33. Rxf5 exf5 34. Kf2 f4 35. hxg5 Kxg5 36. Kf3 fxg3 37. Kxg3 Kf5 38. Kf3 Ke6 39. Ke3 d5 40. c5 Kf5 41. Kf3 Kg5 42. cxb6 1/2-1/2

[Event "BEL FEFB-ch op"]
[Site "Fontaine l'Eveque"]
[Date "2009.05.29"]
[Round "1"]
[White "Moens, Bernard"]
[Black "Mattheys, Eddy"]
[Result "1-0"]
[WhiteElo "1547"]
[BlackElo "1899"]
[PlyCount "131"]
[EventDate "2009.05.29"]
[EventType "swiss"]
[EventRounds "7"]
[EventCountry "BEL"]
[SourceTitle "EXT 2012"]
[Source "ChessBase"]
[SourceDate "2011.11.24"]
[SourceVersion "1"]
[SourceVersionDate "2011.11.24"]
[SourceQuality "1"]

1. d4 d5 2. c4 c6 3. Nc3 Nf6 4. Nf3 e6 5. Bg5 Nbd7 6. e3 Bd6 7. Be2 a6 8. a4 Rb8 9. 0-0 b6 10. Nd2 Qc7 11. f4 h6 12. Bh4 Bb7 13. Rc1 Qd8 14. Nf3 Be7 15. Ne5 0-0 16. cxd5 cxd5 17. Bd3 Rc8 18. Qe2 Ne4 19. Bxe7 Nxc3 20. bxc3 Qxe7 21. Bxa6 Bxa6 22. Qxa6 Nxe5 23. fxe5 Qa3 24. Qxb6 Qxa4 25. Qb4 Qa6 26. Qb2 Rb8 27. Qd2 Rfc8 28. Rb1 Qc4 29. Rxb8 Rxb8 30. Kf2 Ra8 31. Rc1 Ra2 32. Rc2 Ra1 33. Qe2 Qc8 34. c4 dxc4 35. Qxc4 Qxc4 36. Rxc4 Rh1 37. h3 Ra1 38. Rc2 Kf8 39. Kf3 Ke8 40. e4 f6 41. exf6 gxf6 42. Rc6 Kf7 43. Rc7+ Kg6 44. Re7 Ra6 45. d5 Ra3+ 46. Ke2 exd5 47. exd5 Ra5 48. Rd7 Kf5 49. Rd8 Ke5 50. d6 Ke6 51. Kf3 Ra6 52. Kg4 Ra5 53. Kh4 Rb5 54. g4 f5 55. d7 Ke7 56. Rf8 Kxd7 57. Rxf5 Rxf5 58. gxf5 Ke7 59. Kg3 Kf7 60. Kf4 Kf6 61. h4 h5 62. Ke4 Kf7 63. Ke5 Ke7 64. f6+ Kf7 65. Kf5 Kf8 66. Kg6 1-0

[Event "BEL FEFB-ch Elite"]
[Site "Manage"]
[Date "2008.05.10"]
[Round "5"]
[White "Mattheys, Eddy"]
[Black "Pacolet, Fabrice"]
[Result "0-1"]
[WhiteElo "1929"]
[BlackElo "1843"]
[PlyCount "66"]
[EventDate "2008.05.01"]
[EventType "swiss"]
[EventRounds "7"]
[EventCountry "BEL"]
[SourceTitle "EXT 2019"]
[Source "ChessBase"]
[SourceDate "2018.10.10"]
[SourceVersion "1"]
[SourceVersionDate "2018.10.10"]
[SourceQuality "1"]

1. d4 d5 2. c4 c6 3. Nc3 Nf6 4. Nf3 dxc4 5. a4 Bf5 6. Ne5 Nbd7 7. Nxc4 Qc7 8. e3 e5 9. Be2 Bb4 10. Bd2 exd4 11. exd4 0-0 12. Rc1 Nb6 13. Ne3 Bg6 14. 0-0 Qd7 15. Qb3 Qxd4 16. Rfd1 Bxc3 17. Nc4 Bxd2 18. Rxd2 Qc5 19. Bf3 Nxc4 20. Rxc4 Qa5 21. Qd1 Rad8 22. Rcd4 Rxd4 23. Rxd4 Re8 24. b4 Qe5 25. Kf1 Bh5 26. g4 Bg6 27. h4 Be4 28. Bxe4 Nxe4 29. f3 Nc3 30. Qd2 Nd5 31. Re4 Qb8 32. h5 Rxe4 33. fxe4 Qf4+ 0-1

[Event "BEL FEFB-ch Elite"]
[Site "Manage"]
[Date "2008.05.01"]
[Round "1"]
[White "Mattheys, Eddy"]
[Black "Le Quang, Kim"]
[Result "0-1"]
[WhiteElo "1929"]
[BlackElo "2276"]
[PlyCount "76"]
[EventDate "2008.05.01"]
[EventType "swiss"]
[EventRounds "7"]
[EventCountry "BEL"]
[SourceTitle "EXT 2019"]
[Source "ChessBase"]
[SourceDate "2018.10.10"]
[SourceVersion "1"]
[SourceVersionDate "2018.10.10"]
[SourceQuality "1"]

1. d4 Nf6 2. c4 g6 3. Nc3 Bg7 4. e4 d6 5. Nf3 0-0 6. Be2 e5 7. d5 a5 8. 0-0 Na6 9. Bg5 h6 10. Bh4 Qe8 11. Ne1 Nh7 12. Nd3 f5 13. f3 Bd7 14. b3 b6 15. a3 Nc5 16. Qc2 Nf6 17. b4 Nxd3 18. Qxd3 g5 19. Bf2 f4 20. c5 bxc5 21. bxc5 g4 22. Rab1 g3 23. hxg3 Nh5 24. g4 Ng3 25. Rfc1 Qd8 26. Bxg3 fxg3 27. Kf1 Bxg4 28. Ke1 Bc8 29. Nb5 Ba6 30. cxd6 cxd6 31. Rc6 Rf4 32. Qc2 Bxb5 33. Rxb5 Rf7 34. Qb2 Bf8 35. Qc3 h5 36. a4 h4 37. Bf1 Qg5 38. Rb3 h3 0-1

[Event "Charleroi op 4th"]
[Site "Charleroi"]
[Date "2005.08.03"]
[Round "6"]
[White "Laurent, Bruno"]
[Black "Mattheys, Eddy"]
[Result "1-0"]
[WhiteElo "2328"]
[BlackElo "2008"]
[PlyCount "51"]
[EventDate "2005.07.30"]
[EventType "swiss"]
[EventRounds "9"]
[EventCountry "BEL"]
[SourceTitle "EXT 2006"]
[Source "ChessBase"]
[SourceDate "2005.11.24"]
[SourceVersion "1"]
[SourceVersionDate "2005.11.24"]
[SourceQuality "1"]

1. e4 e6 2. d4 d5 3. Nc3 Nf6 4. e5 Nfd7 5. f4 c5 6. Nf3 Nc6 7. Be3 cxd4 8. Nxd4 Nxd4 9. Bxd4 a6 10. Qd2 Bc5 11. 0-0-0 b5 12. g4 Bxd4 13. Qxd4 Qb6 14. Qxb6 Nxb6 15. Bd3 Bb7 16. Ne2 Nc4 17. Nd4 h5 18. gxh5 Rxh5 19. b3 Ne3 20. Rdg1 Kf8 21. Rg3 Nf5 22. Bxf5 exf5 23. Rhg1 Rh7 24. Nxf5 g6 25. Nd6 Bc8 26. f5 1-0

[Event "Leuven op 16th"]
[Site "Leuven"]
[Date "2004.11.12"]
[Round "2"]
[White "De Wachter, Matthias"]
[Black "Mattheys, Eddy"]
[Result "1-0"]
[WhiteElo "2274"]
[BlackElo "1994"]
[PlyCount "59"]
[EventDate "2004.11.11"]
[EventType "swiss"]
[EventRounds "7"]
[EventCountry "BEL"]
[SourceTitle "EXT 2005"]
[Source "ChessBase"]
[SourceDate "2004.11.15"]
[SourceVersion "1"]
[SourceVersionDate "2004.11.15"]
[SourceQuality "1"]

1. Nf3 Nf6 2. c4 d6 3. d4 g6 4. Nc3 Bg7 5. e4 0-0 6. Be2 e5 7. d5 Nbd7 8. Be3 Nc5 9. Nd2 a5 10. g4 c6 11. h4 cxd5 12. cxd5 Bd7 13. h5 Qc8 14. f3 a4 15. Nc4 Qc7 16. Na3 Ne8 17. g5 Qa5 18. Qd2 Qd8 19. Bc4 b6 20. Qh2 h6 21. gxh6 Bf6 22. h7+ Kh8 23. hxg6 fxg6 24. Ke2 Qe7 25. Rag1 Qf7 26. Qg3 Bg7 27. Bb5 Ra7 28. Nc4 Rb7 29. Bxd7 Nxd7 30. Nb5 1-0

[Event "Brasschaat op 04th"]
[Site "Brasschaat"]
[Date "2004.08.29"]
[Round "9"]
[White "Mattheys, Eddy"]
[Black "Baete, Guy"]
[Result "0-1"]
[WhiteElo "1942"]
[BlackElo "1868"]
[PlyCount "113"]
[EventDate "2004.08.21"]
[EventType "swiss"]
[EventRounds "9"]
[EventCountry "BEL"]
[SourceTitle "EXT 2017"]
[Source "ChessBase"]
[SourceDate "2016.10.25"]
[SourceVersion "1"]
[SourceVersionDate "2016.10.25"]
[SourceQuality "1"]

1. d4 g6 2. c4 Bg7 3. Nc3 c5 4. e3 cxd4 5. exd4 Nf6 6. Nf3 d5 7. Qb3 Nbd7 8. cxd5 0-0 9. Ne5 Nb6 10. Bc4 Nxc4 11. Qxc4 e6 12. dxe6 Bxe6 13. Qd3 Nd5 14. 0-0 Bf5 15. Qf3 Nb4 16. Be3 f6 17. Ng4 Be6 18. h3 h5 19. Nh2 Rf7 20. Rfd1 Nd5 21. a3 Qd7 22. Rac1 Nxc3 23. Rxc3 Bd5 24. Qg3 g5 25. Rdc1 Bc6 26. f4 Re8 27. Nf3 Rfe7 28. Re1 g4 29. Nh4 f5 30. hxg4 hxg4 31. Ng6 Rxe3 32. Rcxe3 Rxe3 33. Rxe3 Bxd4 34. Ne5 Qd5 35. Nxc6 Qxc6 36. Kf1 Bxe3 37. Qxe3 Kf7 38. Qe5 Qc4+ 39. Kf2 Qd3 40. Qc7+ Kg6 41. Qe5 g3+ 42. Ke1 Qe4+ 43. Qxe4 fxe4 44. Ke2 Kf5 45. Ke3 b5 46. b4 a6 47. Kd2 Kxf4 48. Ke2 Ke5 49. Ke3 Kd5 50. Ke2 Kd4 51. Kd2 e3+ 52. Ke2 Ke4 53. Ke1 Kd3 54. Kd1 e2+ 55. Ke1 Ke3 56. a4 bxa4 57. b5 0-1

[Event "Brasschaat op 04th"]
[Site "Brasschaat"]
[Date "2004.08.24"]
[Round "4"]
[White "Van Habberney, Guy"]
[Black "Mattheys, Eddy"]
[Result "0-1"]
[WhiteElo "1785"]
[BlackElo "1942"]
[PlyCount "82"]
[EventDate "2004.08.21"]
[EventType "swiss"]
[EventRounds "9"]
[EventCountry "BEL"]
[SourceTitle "EXT 2017"]
[Source "ChessBase"]
[SourceDate "2016.10.25"]
[SourceVersion "1"]
[SourceVersionDate "2016.10.25"]
[SourceQuality "1"]

1. d4 Nf6 2. c4 g6 3. Nf3 Bg7 4. g3 0-0 5. Bg2 d6 6. 0-0 c6 7. h3 Nbd7 8. Qc2 Qc7 9. e4 e5 10. Be3 Re8 11. Nbd2 b6 12. Rfe1 Bb7 13. Rad1 Rac8 14. b3 Nf8 15. dxe5 dxe5 16. c5 b5 17. b4 a5 18. bxa5 Qxa5 19. Nb3 Qa4 20. Bd2 Ra8 21. Ra1 N6d7 22. Red1 Ne6 23. Be3 Red8 24. Rd3 Ndf8 25. Rad1 Rxd3 26. Rxd3 Qxa2 27. Qd1 Qa4 28. Ne1 b4 29. Rd6 Ba6 30. Qc2 Bb5 31. Bf1 Bxf1 32. Kxf1 Qb5+ 33. Kg2 Ra7 34. Qd1 Ra3 35. Bc1 Ra2 36. Kg1 Nxc5 37. Nxc5 Qxc5 38. Be3 Qb5 39. Nd3 b3 40. Kh2 Ne6 41. Nxe5 Qxe5 0-1

[Event "Charleroi op 3rd"]
[Site "Charleroi"]
[Date "2004.08.05"]
[Round "7"]
[White "Mattheys, Eddy"]
[Black "Stilmant, Thierry"]
[Result "1/2-1/2"]
[WhiteElo "1942"]
[BlackElo "2059"]
[PlyCount "22"]
[EventDate "2004.07.03"]
[EventType "swiss"]
[EventRounds "9"]
[EventCountry "BEL"]
[SourceTitle "CBM 101 Extra"]
[Source "ChessBase"]
[SourceDate "2004.09.01"]
[SourceVersion "2"]
[SourceVersionDate "2004.09.01"]
[SourceQuality "1"]

1. d4 Nf6 2. c4 e6 3. Nf3 b6 4. g3 Bb7 5. Bg2 d5 6. cxd5 exd5 7. 0-0 Bd6 8. Nc3 a6 9. Qb3 Nbd7 10. Ng5 h6 11. Nh3 c6 1/2-1/2

[Event "Charleroi op 3rd"]
[Site "Charleroi"]
[Date "2004.08.02"]
[Round "4"]
[White "Mattheys, Eddy"]
[Black "Werner, Yvan"]
[Result "1-0"]
[WhiteElo "1942"]
[BlackElo "2077"]
[PlyCount "83"]
[EventDate "2004.07.03"]
[EventType "swiss"]
[EventRounds "9"]
[EventCountry "BEL"]
[SourceTitle "CBM 101 Extra"]
[Source "ChessBase"]
[SourceDate "2004.09.01"]
[SourceVersion "2"]
[SourceVersionDate "2004.09.01"]
[SourceQuality "1"]

1. d4 Nf6 2. c4 g6 3. Nc3 d5 4. Nf3 Bg7 5. e3 c5 6. dxc5 Qa5 7. Qa4+ Qxa4 8. Nxa4 Ne4 9. Bd3 Bd7 10. Bc2 Na6 11. cxd5 Nb4 12. Bxe4 Bxa4 13. a3 Na6 14. 0-0 Nxc5 15. Bb1 Nb3 16. Bc2 Rc8 17. Bxb3 Bxb3 18. e4 Rc2 19. Be3 0-0 20. Bd4 Bxd4 21. Nxd4 Rxb2 22. Rab1 Rxb1 23. Rxb1 Ba4 24. Rxb7 Rc8 25. f3 Rc4 26. Rb4 Rxb4 27. axb4 a6 28. Kf2 Kf8 29. Ke3 Ke8 30. Kd3 Kd7 31. e5 f6 32. f4 g5 33. g3 gxf4 34. gxf4 Kc7 35. Kc4 fxe5 36. fxe5 Kb6 37. Nf5 Bb5+ 38. Kc3 e6 39. dxe6 Kc6 40. Nd4+ Kd5 41. Nxb5 Kxe6 42. Nc7+ 1-0